Revolutions and Nationalism - Statistics

General Stats
  • This quiz has been taken 12 times
  • The average score is 13 of 37
Answer Stats
Hint Answer % Correct
1917 armed insurrection led by Vladimir Lenin's Bolshevik Party that overthrew the Russian Provisional Government and established the world's first communist state, leading to the formation of the Soviet Union. October Revolution
75%
Formally give up control or responsibility, most commonly referring to a monarch renouncing their throne. Abdicate
67%
Dictatorial leader of the Soviet Union from the mid-1920s until his death in 1953, who rapidly industrialized the country and helped defeat Nazi Germany in World War II, but only through a brutal reign of terror and mass repression that cost millions of lives. Joseph Stalin
67%
The Chinese Communist revolutionary and Marxist theorist who founded the People's Republic of China in 1949 and ruled as its paramount leader until his death in 1976, overseeing both national unification and disastrous social and economic campaigns like the Great Leap Forward and the Cultural Revolution. Mao Zedong
67%
Sovereign absolute ruler of Russia from 1547 until 1721 (when the title was officially changed to Emperor, though it remained in popular use), and the term is derived from the Latin word Caesar. Tsar
67%
Radical, revolutionary Marxist faction led by Vladimir Lenin, seized power in Russia during the October Revolution of 1917 and later became the Communist Party of the Soviet Union. Bolsheviks
58%
Collapsed after centuries of internal decline, failure to modernize, the rise of powerful nationalist movements among its subject peoples, and its ultimate defeat by the Allied Powers as part of the Central Powers in World War I. Fall of the Ottoman Empire
58%
Last Tsar of Russia, whose ineffective and autocratic rule, coupled with his country's disastrous involvement in World War I, led to his forced abdication during the February Revolution of 1917 and his later execution by the Bolsheviks. Nicholas II
58%
Revolutionary leader of the Bolshevik Party who masterminded the October Revolution of 1917 in Russia and became the founder and first head of government of the Soviet Union, establishing the world's first single-party communist state. Vladimir Lenin
58%
The military alliance in World War I, primarily consisting of the German Empire, Austria-Hungary, the Ottoman Empire, and the Kingdom of Bulgaria, who fought against the Allied Powers. Central Powers
50%
Spontaneous uprising in Petrograd, primarily by workers and soldiers protesting food shortages and World War I losses, which led to the abdication of Tsar Nicholas II and the end of the Romanov dynasty. February Revolution
50%
Siberian peasant and mystic who gained notorious influence over the last Russian imperial family, the Romanovs, particularly Tsarina Alexandra, by purportedly being able to alleviate the suffering of her hemophiliac son, Tsarevich Alexei, until his assassination in 1916 amidst public scandal and political intrigue that contributed to the monarchy's downfall. Grigori Rasputin
50%
Marxist revolutionary and theorist who, alongside Lenin, led the Bolshevik seizure of power in the October Revolution and founded the Red Army during the Russian Civil War, only to be politically outmaneuvered by Joseph Stalin and assassinated in exile. Leon Trotsky
50%
Transcontinental, highly centralized one-party Communist state that emerged from the Russian Empire in 1922, became a global superpower competing with the United States in the Cold War, and dissolved into 15 independent republics in 1991. U.S.S.R.
50%
Chinese military and political leader who headed the Kuomintang (Nationalist Party), led the Republic of China government on the mainland from 1928 until its defeat by the Communists in 1949, and then continued to lead the government in exile on Taiwan until his death in 1975. Chiang Kai-Shek
42%
Political party, founded on the principles of Marxism-Leninism, that aims to seize state power to establish a socialist system, led by a single-party "vanguard of the proletariat," with the ultimate goal of achieving a classless, stateless communist society characterized by communal ownership of the means of production. Communist Party
42%
State-driven strategy for rapid industrialization—first in the Soviet Union and later adopted by other nations—to ensure national strength, military power, and economic self-sufficiency following a revolution. Five-Year Plans
42%
Imperial family who ruled Russia as Tsars and Emperors for over three centuries, from 1613 until their final reigning Tsar, Nicholas II, was forced to abdicate during the 1917 Russian Revolution and was later executed with his entire immediate family in 1918. Romanovs
42%
Conflict between the Russian Empire and Imperial Japan over rival imperial ambitions in Manchuria and Korea, resulting in a decisive and unexpected Japanese victory that marked the first time an Asian power defeated a major European power in the modern era. Russo-Japanese War
42%
Local political council, primarily composed of workers' and soldiers' deputies, that emerged during the Russian Revolution as a key organ of popular power that often challenged the authority of the formal Provisional Government. Soviets
42%
The elected legislative assembly in Russia, established by Tsar Nicholas II in 1906 following the 1905 Revolution, but it was often dissolved and lacked true power as the Tsar sought to maintain his autocratic rule until its end in the February Revolution. Duma
33%
Form of government that seeks to control all aspects of public and private life in a nation through a single, charismatic leader or party who enforces total compliance and obedience by means of propaganda and state terror. Totalitarianism
33%
Moderate socialist Prime Minister of the Russian Provisional Government in 1917, whose failure to withdraw from World War I or implement swift land reform led to his government's overthrow by the Bolsheviks in the October Revolution. Alexander Kerensky
25%
Protracted, intermittent conflict between the Nationalist Party (Kuomintang), led by Chiang Kai-shek, and the Chinese Communist Party (CCP), led by Mao Zedong, which concluded in 1949 with the Communist victory on the mainland and the retreat of the Nationalists to Taiwan. Chinese Civil War
25%
Brutal campaign of political repression orchestrated by Joseph Stalin in the late 1930s, involving the execution or imprisonment in Gulag forced-labor camps of hundreds of thousands of people, including Communist Party officials, military leaders, and ordinary citizens, to eliminate all real and perceived threats to his absolute power. Great Purge
25%
Massive military retreat (1934–1935) of the Chinese Red Army and the Communist Party led by Mao Zedong, covering thousands of miles across China to escape the encircling Kuomintang (Nationalist) forces, which solidified Mao's leadership and preserved the core of the communist movement. Long March
25%
Agricultural production unit where multiple farmers operate their holdings as a joint enterprise, often under the supervision of the state in communist countries, with land and resources pooled together. Collective Farms
17%
Ottoman military officer and revolutionary statesman who, following World War I, led the Turkish National Movement to victory, overthrew the Ottoman Empire, and founded the secular, modernized Republic of Turkey, serving as its first president until his death. Mustafa Kemal
17%
Temporary body of liberal and moderate socialist leaders established after the abdication of Tsar Nicholas II in February 1917, which struggled with dual power against the Petrograd Soviet, failed to address popular demands for peace and land reform, and was ultimately overthrown by the Bolsheviks in the October Revolution. Provisional Government
17%
Economic system where the central government makes all key decisions regarding production, distribution, and pricing of goods and services, often through a comprehensive national plan. Command Economy
8%
Major political party founded by Sun Yat-sen that ruled mainland China from 1928 to 1949 before retreating to and becoming the dominant political force in Taiwan (Republic of China). Kuomintang
8%
Wave of mass political and social unrest, ignited by "Bloody Sunday," that forced Tsar Nicholas II to issue the October Manifesto, establishing a limited constitutional monarchy and the legislative State Duma. Revolution of 1905
8%
Chinese physician, revolutionary, and political philosopher widely revered as the "Father of Modern China" for his pivotal role in overthrowing the Qing Dynasty and serving as the first provisional president of the Republic of China in 1912. Sun Yixian
8%
Harsh, separate peace agreement signed on March 3, 1918, between Soviet Russia and the Central Powers (led by Germany), formally ending Russia's participation in World War I at the cost of immense territorial and resource losses. Treaty of Brest-Litovsk
8%
Massive student-led anti-imperialist protest on May 4, 1919, in Beijing, sparked by the unfair terms of the Treaty of Versailles that transferred former German concessions in China's Shandong province to Japan, which then fueled a national intellectual revolution rejecting traditional Confucianism in favor of science and democracy and laid the groundwork for the rise of Chinese nationalism and communism. May Fourth Movements
0%
The execution of Tsar Nicholas II, his wife Tsarina Alexandra, their five children, and four attendants by Bolshevik forces in the basement of the Ipatiev House in Yekaterinburg on July 17, 1918, to prevent the family from being rescued by anti-Bolshevik White Army forces. Romanov Murders
0%
Achieved by masterfully utilizing his administrative position as General Secretary of the Communist Party to build a loyal network of party officials and then ruthlessly outmaneuvering and eliminating his key rivals like Leon Trotsky after the death of Vladimir Lenin. Stalin's Rise to Power
0%
No matching quizzes found
Score Distribution
Percent of People with Each Score
Percentile by Number Answered
Your Score History
You have not taken this quiz